000 00924nas a2200325 4500
001 BR2013010463
003 BR-BrBNA
005 20231205123435.0
007 ta
008 230509b bl.|||p| |||| 00| 00por d
040 _aBR-BrBNA
_bpor
_cBiblioteca Nacional de Agricultura
041 _a(En)
072 _aF03
100 1 _aGreen, M.
100 1 _aLima, W.A.A.
100 1 _aFigueiredo, A.F. de
100 1 _aAtroch, A.L.
100 1 _aLopes, R.
100 1 _aCunha, R.N.V. da
100 1 _aTeixeira, P.C.
245 1 _aHeat-treatment and germination of oil palm seeds (Elaeis guineensis Jacq.)
650 _aDENDÊ
650 _aSEMENTE
650 _aGERMINAÇÃO
650 _aDORMÊNCIA
650 _aTEMPERATURA
773 0 _tJournal of Seed Science (Brazil)
_xISSN 2317-1537
_g(Sep 2013), v. 35(3) p. 296-301
_wBR2013010463
909 _a202311
_bLúcia
_c55
_dLúcia Elande
942 _2AGRIS
_n0
_cANA
999 _c233881
_d233881